Państwa z największą liczbą medali na Zimowych Igrzyskach Olimpijskich - Statystyki

Ogólne statystyki
  • Ten quiz został rozwiązany 4 896 razy
    4 508 od ostatniego zresetowania
  • Średni wynik to 16 z 19
Statystyki odpowiedzi
Medale Państwo % Poprawnych
330 Stany Zjednoczone
99%
77 Chiny
96%
225 Kanada
96%
306 Niemcy | Niemcy Zachodnie
96%
170 Rosja
96%
405 Norwegia
95%
176 Szwecja
94%
175 Finlandia
93%
138 Francja
93%
76 Japonia
92%
141 Włochy
89%
250 Austria
83%
34 Wielka Brytania
82%
167 Szwajcaria
81%
79 Korea Południowa
79%
33 Czechy
75%
147 Holandia
72%
227 Związek Radziecki
58%
110 Niemcy Wschodnie
33%
Nie znaleziono quizów pasujących do podanych kryteriów
Rozkład punktacji
Procent ludzi z każdym wynikiem
Percentyl według liczby udzielonych odpowiedzi
Twoja historia wyników
Nie rozwiązałeś tego quizu od ostatniego zresetowania